BSOP header

Theological science / (Record no. 52076)

MARC details
000 -LEADER
fixed length control field 01562cam a2200289Ia 4500
001 - CONTROL NUMBER
control field 31806
003 - CONTROL NUMBER IDENTIFIER
control field SIRSI
005 - DATE AND TIME OF LATEST TRANSACTION
control field 20240129170536.0
008 - FIXED-LENGTH DATA ELEMENTS--GENERAL INFORMATION
fixed length control field 691001s1969 enk b 001 0 eng
010 ## - LIBRARY OF CONGRESS CONTROL NUMBER
LC control number 76413012
020 ## - INTERNATIONAL STANDARD BOOK NUMBER
International Standard Book Number 0192139428
020 ## - INTERNATIONAL STANDARD BOOK NUMBER
International Standard Book Number 0195200837
035 ## - SYSTEM CONTROL NUMBER
System control number (Sirsi) o00031806
040 ## - CATALOGING SOURCE
Original cataloging agency DLC
Transcribing agency DLC
Modifying agency TSW
100 1# - MAIN ENTRY--PERSONAL NAME
Personal name Torrance, T.
Fuller form of name (Thomas)
245 10 - TITLE STATEMENT
Title Theological science /
Statement of responsibility, etc Thomas F. Torrance.
260 ## - PUBLICATION, DISTRIBUTION, ETC. (IMPRINT)
Place of publication, distribution, etc London ;
-- New York :
Name of publisher, distributor, etc Oxford University Press,
Date of publication, distribution, etc c1969.
300 ## - PHYSICAL DESCRIPTION
Extent xvi, 368 p. ;
Dimensions 23 cm.
336 ## - CONTENT TYPE
Content Type Term text
337 ## - MEDIA TYPE
Media Type Term unmediated
338 ## - CARRIER TYPE
Carrier Type Term volume
500 ## - GENERAL NOTE
General note "Based on the Hewett lectures for 1959."
504 ## - BIBLIOGRAPHY, ETC. NOTE
Bibliography, etc Includes bibliographical references and indexes.
505 ## - FORMATTED CONTENTS NOTE
Formatted contents note The knowledge of God; Some introductory questions; Its actuality, objectivity, and possibility<br/>The interaction of theology with scientific development; Change in the doctrine of God; The distinction between grace and nature; Scientific objectivity; The place of the human subject in knowledge<br/>The nature of scientific activity; General and special science; Theology and general scientific method; The scientific requirements of theology<br/>The nature of truth; The truth of God; The truthfulness of theological statements<br/>Problems of logic; The logic of God; The logic of man<br/>Theological science among the special sciences; Similarities and differences between theology and the other sciences; The relevance of historical science; Theology as dogmatic science
650 #0 - SUBJECT ADDED ENTRY--TOPICAL TERM
Topical term or geographic name as entry element Philosophical theology.
942 ## - ADDED ENTRY ELEMENTS (KOHA)
Source of classification or shelving scheme Library of Congress Classification
Item type Books
Holdings
Withdrawn status Lost status Source of classification or shelving scheme Damaged status Not for loan Home library Current library Shelving location Date acquired Source of acquisition Inventory number Total Checkouts Full call number Barcode Date last seen Price effective from Koha item type
    Library of Congress Classification     BSOP Library BSOP Library GC 01/29/2024 Theological Book Network 47362   BT40 T63 1969 00058158 01/29/2024 01/29/2024 Books
BSOP

Biblical Seminary of the Philippines
  All rights Reserved
  © 2024

CONTACT INFORMATION

Biblical Seminary of the Philippines,
  77-B Karuhatan Road, Valenzuela City,
  PHILIPPINES 1441
  Phone: +632 8292-6795 / 8292-6798
  Fax : +632 8292-6675
  Email: library@bsop.edu.ph